LEADER 00934nam0-22003251i-450- 001 990001328260403321 010 $a0-582-23435-2 035 $a000132826 035 $aFED01000132826 035 $a(Aleph)000132826FED01 035 $a000132826 100 $a20000920d1993----km-y0itay50------ba 101 0 $aeng 200 1 $aMULTIGRID methods$fJames H. Bramble. 210 $aHarlow (UK)$cLongman$dc1993. 215 $a161 p.$d24 cm 225 1 $aPitman research notes in mathematics series$v294 610 0 $aEquazioni differenziali alle derivate parziali$aProblemi al contorno 610 0 $aMetodo multigrid$aAnalisi numerica 676 $a519.4 700 1$aBramble,$bJames H.$060323 801 0$aIT$bUNINA$gRICA$2UNIMARC 901 $aBK 912 $a990001328260403321 952 $aC-2-(294$b12066$fMA1 959 $aMA1 962 $a65N30 996 $aMULTIGRID methods$9376325 997 $aUNINA DB $aING01 LEADER 01146nam0-22003491i-450- 001 990006771470403321 005 20120903164623.0 010 $a88-85038-23-9 035 $a000677147 035 $aFED01000677147 035 $a(Aleph)000677147FED01 035 $a000677147 100 $a20120903d1982----km-y0itay50------ba 101 0 $aita 102 $aIT 105 $ay-------001yy 200 1 $aAnziani e società$fpubblicazione patrocinata dall'Assessorato alla Sanità della Regione Veneto 205 $a2. ed. 210 $aVicenza$cEdizioni del Rezzara$d1982 215 $aXXIV, 228 p.$d21 cm 300 $aNel verso del front.: atti del 14. Convegno sui problemi internazionali, promosso dall'Istituto di scienze sociali "Nicolò Rezzara" di Vicenza (...) Recoaro Terme dal 10 al 13/9/1981 676 $a301.435 712 01$aVeneto$c.$bAssessorato alla sanità 801 0$aIT$bUNINA$gRICA$2UNIMARC 901 $aBK 912 $a990006771470403321 952 $aIX A 783$b5441$fFSPBC 952 $aSOC-7$b24 DIP.$fDDRC 959 $aFSPBC 959 $aDDRC 996 $aAnziani e società$9630881 997 $aUNINA